El Paisaje en el proyecto de carreteras (Record no. 108752)

MARC details
000 -LEADER
fixed length control field 00525nam a22001577a 4500
005 - DATE AND TIME OF LATEST TRANSACTION
control field 20230921131622.0
008 - FIXED-LENGTH DATA ELEMENTS--GENERAL INFORMATION
fixed length control field 230921b mx |||||||| |||| 00| 0 spa d
050 04 - LIBRARY OF CONGRESS CALL NUMBER
Classification number TE177
Item number S43 1970
110 2# - MAIN ENTRY--CORPORATE NAME
Corporate name or jurisdiction name as entry element Secretaría de Obras Públicas (México)
245 03 - TITLE STATEMENT
Title El Paisaje en el proyecto de carreteras
Statement of responsibility, etc / Secretaría de Obras Públicas
250 ## - EDITION STATEMENT
Edition statement 1a ed.
260 ## - PUBLICATION, DISTRIBUTION, ETC. (IMPRINT)
Place of publication, distribution, etc México :
Name of publisher, distributor, etc Secretaría de Obras Públicas,
Date of publication, distribution, etc 1970
300 ## - PHYSICAL DESCRIPTION
Extent 114 p. :
Other physical details il. ;
Dimensions 28 cm.
650 #7 - SUBJECT ADDED ENTRY--TOPICAL TERM
Source of heading or term lemb
Topical term or geographic name as entry element Diseño de carreteras
General subdivision Paisaje
942 ## - ADDED ENTRY ELEMENTS (KOHA)
Source of classification or shelving scheme Biblioteca del Cogreso de los Estados Unidos
Koha item type Libro
Holdings
Estado de pérdida Fuente de clasificación Estado del daño No para préstamo Ubicación permanente Ubicación actual Apartado o colección Fecha de adquisición Edición Área del conocimiento Total Checkouts Clasificación Código de Barras Date last seen Número de copia Costo por reposición Tipo de recurso
  Biblioteca del Cogreso de los Estados Unidos     Biblioteca de la Unidad de Ciencias Ingeniería y Humanidades Biblioteca de la Unidad de Ciencias Ingeniería y Humanidades General 21/09/2023 1a ed. Ingeniería y Tecnología   TE177 S43 1970 BCU000024436 21/09/2023 1 1.00 Libro